00512cam a2200205 4500001000800000005001700008008004100025010001700066020001500083040001800098041000800116080001300124082001300137100000700150101000800157245006700165906004500232942001200277999001700289123760820180307091808.0710708s1971 nyua 001 0 eng  a 70146674  a0471969001 aDLCcDLCdDLC aeng a576 wye00a576 wye1 a11 abio10aMicroorganisms and manc[by] Orville Wyss [and] Curtis Eklund. a7bcbccorignewd2encipf19gy-gencatlg 2ddccBK c44342d44342